000 00552nam a2200241 a 4500
001 nice12345678
003 IN_TiNIC
005 20260116012918.0
008 050524s1987 paka grp 000 0 urd
020 _a
_c20
082 0 0 _a891.41
_bNAI
100 _aNaiyyar, Yusuf
245 _aGul-E-Basharat
260 _aPakistan
_bIdarah-E-Talash
_c1987
300 _a96p
500 _aincludes index and biblioraphy
505 2 _aIndex
650 _aUrdu-Poetry
700 1 _aNaiyyar, Yusuf
902 _bSRS
942 _cBK
999 _c8863
_d8863